[Event "RUS-ch Higher League 74th"]
[Site "Cheboksary"]
[Date "2021.07.02"]
[Round "6"]
[White "Samojlov, Anton"]
[Black "Rudovskii, Filipp"]
[Result "1-0"]
[WhiteElo "2372"]
[BlackElo "2260"]
[PlyCount "51"]
[EventDate "2021.06.26"]
[EventType "swiss"]
[EventRounds "9"]
[EventCountry "RUS"]
[SourceTitle "CBM 203 Extra"]
[Source "ChessBase"]
[SourceDate "2021.09.30"]
[SourceVersion "1"]
[SourceVersionDate "2021.09.30"]
[SourceQuality "1"]

1. d4 Nf6 2. c4 g6 3. Nf3 Bg7 4. g3 0-0 5. Bg2 d5 6. 0-0 Nc6 7. Nbd2 Re8 8. e3 e5 9. Nxe5 Nxe5 10. dxe5 Rxe5 11. cxd5 Bg4 12. f3 Bd7 13. e4 Bb5 14. Rf2 Qe7 15. Nf1 Rd8 16. Bf4 Nd7 17. Qb3 c6 18. Rd1 Nc5 19. Qa3 cxd5 20. Bxe5 Bxe5 21. Ne3 d4 22. Nd5 Rxd5 23. exd5 d3 24. Qb4 Ba6 25. Re1 d2 26. Rxd2 1-0

[Event "RUS-ch Higher League 74th"]
[Site "Cheboksary"]
[Date "2021.06.28"]
[Round "3"]
[White "Kokarev, Dmitry"]
[Black "Samojlov, Anton"]
[Result "1-0"]
[WhiteElo "2618"]
[BlackElo "2372"]
[PlyCount "58"]
[EventDate "2021.06.26"]
[EventType "swiss"]
[EventRounds "9"]
[EventCountry "RUS"]
[SourceTitle "CBM 203 Extra"]
[Source "ChessBase"]
[SourceDate "2021.09.30"]
[SourceVersion "1"]
[SourceVersionDate "2021.09.30"]
[SourceQuality "1"]

1. e4 c5 2. Nf3 Nc6 3. d4 cxd4 4. Nxd4 Nf6 5. Nc3 d6 6. Bg5 e6 7. Qd2 Qb6 8. Bxf6 gxf6 9. Nb3 Bd7 10. Be2 h5 11. 0-0 Ne5 12. a4 Bh6 13. Qd1 a6 14. a5 Qc7 15. Na4 Bc6 16. Nb6 Rd8 17. Qd4 f5 18. exf5 Rg8 19. g3 Qe7 20. fxe6 fxe6 21. Bxh5+ Kf8 22. f4 Ng4 23. Rae1 Qh4 24. gxh4 Nf6+ 25. Kf2 Rg2+ 26. Ke3 e5 27. Qd1 Be4 28. Re2 Rg7 29. Ref2 Bc6 1-0

[Event "RUS-ch Higher League 74th"]
[Site "Cheboksary"]
[Date "2021.06.26"]
[Round "1"]
[White "Antipov, Mikhail Al"]
[Black "Samojlov, Anton"]
[Result "1/2-1/2"]
[WhiteElo "2596"]
[BlackElo "2372"]
[PlyCount "111"]
[EventDate "2021.06.26"]
[EventType "swiss"]
[EventRounds "9"]
[EventCountry "RUS"]
[SourceTitle "CBM 203 Extra"]
[Source "ChessBase"]
[SourceDate "2021.09.30"]
[SourceVersion "1"]
[SourceVersionDate "2021.09.30"]
[SourceQuality "1"]

1. e4 c5 2. Nf3 d6 3. d4 cxd4 4. Nxd4 Nf6 5. Nc3 Nc6 6. Bg5 e6 7. Qd3 Qb6 8. 0-0-0 Qxd4 9. Qxd4 Nxd4 10. Rxd4 a6 11. f4 Nd7 12. Be2 h6 13. Bh4 g5 14. fxg5 Ne5 15. g6 Nxg6 16. Bf6 Rg8 17. Rhd1 Be7 18. Bxe7 Kxe7 19. Rxd6 Ne5 20. g3 Bd7 21. R1d2 Bc6 22. R6d4 Rg5 23. Nd1 Rc8 24. Nf2 Nd7 25. b3 Rc7 26. Rc4 b5 27. Rc3 Rc5 28. Re3 a5 29. Kb2 Ne5 30. a3 b4 31. axb4 axb4 32. Ng4 Nxg4 33. Bxg4 e5 34. Be2 Ra7 35. Bc4 Rca5 36. Rd1 Ra2+ 37. Kc1 Ra1+ 38. Kd2 Rxd1+ 39. Kxd1 Ra1+ 40. Kd2 f6 41. Re2 Ra5 42. Re1 Ra7 43. Ke3 Ra2 44. Bd3 Bd7 45. Rg1 Bg4 46. Rg2 Be6 47. Rd2 Ra1 48. Bb5 Re1+ 49. Kf3 Rc1 50. Be2 Bd7 51. Bc4 Bc6 52. g4 Bd7 53. h3 Bc6 54. Bd3 Rh1 55. Kg3 Re1 56. Kf2 1/2-1/2

[Event "RUS-ch Higher League 72nd"]
[Site "Yaroslavl"]
[Date "2019.06.29"]
[Round "3"]
[White "Samojlov, Anton"]
[Black "Lomasov, Semen"]
[Result "0-1"]
[WhiteElo "2350"]
[BlackElo "2542"]
[PlyCount "76"]
[EventDate "2019.06.27"]
[EventType "swiss"]
[EventRounds "9"]
[EventCountry "RUS"]
[SourceTitle "CBM 191 Extra"]
[Source "ChessBase"]
[SourceDate "2019.09.30"]
[SourceVersion "1"]
[SourceVersionDate "2019.09.30"]
[SourceQuality "1"]

1. e4 e6 2. d4 d5 3. Bd3 dxe4 4. Bxe4 Nf6 5. Bf3 c5 6. Ne2 Nc6 7. Be3 cxd4 8. Nxd4 Ne5 9. Nc3 a6 10. Qe2 Nxf3+ 11. Qxf3 e5 12. Nde2 h6 13. 0-0 Qc7 14. Rad1 Be6 15. Qg3 g5 16. Nd4 Bd7 17. Qf3 Be7 18. Ne4 Nxe4 19. Qxe4 exd4 20. Bxd4 Rg8 21. Bf6 Be6 22. Be5 f5 23. Qe2 Qc4 24. Rd3 Kf7 25. Re1 Rad8 26. b3 Qg4 27. f3 Qb4 28. Bd4 Rg6 29. c3 Qb5 30. Red1 Bc5 31. Qe3 Bxd4 32. Rxd4 Rxd4 33. Qxd4 Rg8 34. c4 Qc6 35. Qe5 Rc8 36. Kf1 Qc5 37. Qe2 Re8 38. Re1 Bd7 0-1

[Event "Voronezh op 16th"]
[Site "Voronezh"]
[Date "2012.06.19"]
[Round "7"]
[White "Samojlov, Anton"]
[Black "Zakhartsov, Vladimir"]
[Result "0-1"]
[WhiteElo "2290"]
[BlackElo "2249"]
[PlyCount "64"]
[EventDate "2012.06.12"]
[EventType "swiss"]
[EventRounds "9"]
[EventCountry "RUS"]
[SourceTitle "CBM 149 Extra"]
[Source "ChessBase"]
[SourceDate "2012.08.24"]
[SourceVersion "1"]
[SourceVersionDate "2012.08.24"]
[SourceQuality "1"]

1. e4 c5 2. Nf3 g6 3. d4 cxd4 4. Nxd4 Bg7 5. Nc3 Nc6 6. Be3 Nf6 7. Bc4 0-0 8. Bb3 d6 9. f3 Bd7 10. Qd2 Rc8 11. h4 h5 12. 0-0-0 Ne5 13. Bg5 Rc5 14. Kb1 b5 15. g4 a5 16. gxh5 a4 17. h6 Bh8 18. h7+ Nxh7 19. Bd5 a3 20. Rdg1 axb2 21. h5 Rxd5 22. Nxd5 Nc4 23. Qc3 Nxg5 24. hxg6 e5 25. gxf7+ Rxf7 26. f4 exd4 27. Rxh8+ Kxh8 28. Qxd4+ Kh7 29. Qd1 Nf3 30. Rg2 Qh4 31. e5 Qe1 32. Rh2+ Kg7 0-1

[Event "Voronezh op 16th"]
[Site "Voronezh"]
[Date "2012.06.16"]
[Round "5"]
[White "Samojlov, Anton"]
[Black "Avdeeva, Veronika"]
[Result "1-0"]
[WhiteElo "2290"]
[BlackElo "2180"]
[PlyCount "57"]
[EventDate "2012.06.12"]
[EventType "swiss"]
[EventRounds "9"]
[EventCountry "RUS"]
[SourceTitle "CBM 149 Extra"]
[Source "ChessBase"]
[SourceDate "2012.08.24"]
[SourceVersion "1"]
[SourceVersionDate "2012.08.24"]
[SourceQuality "1"]

1. e4 c5 2. Nf3 e6 3. d4 cxd4 4. Nxd4 Nf6 5. Nc3 d6 6. g4 h6 7. h3 Nc6 8. Bg2 a6 9. Be3 Ne5 10. Qe2 g5 11. 0-0-0 Ng6 12. Rhe1 Qc7 13. Kb1 Bd7 14. Qd2 Be7 15. Nde2 Ne5 16. b3 b5 17. f4 gxf4 18. Nxf4 b4 19. Nce2 a5 20. Nd3 Bc6 21. Ng3 Nxd3 22. Qxd3 Nd7 23. Nh5 a4 24. Qd4 Rh7 25. Qxb4 axb3 26. cxb3 d5 27. Qc3 dxe4 28. Rc1 Rc8 29. Qxc6 1-0

[Event "Voronezh op 16th"]
[Site "Voronezh"]
[Date "2012.06.15"]
[Round "4"]
[White "Kunin, Vitaly L"]
[Black "Samojlov, Anton"]
[Result "1-0"]
[WhiteElo "2513"]
[BlackElo "2290"]
[PlyCount "69"]
[EventDate "2012.06.12"]
[EventType "swiss"]
[EventRounds "9"]
[EventCountry "RUS"]
[SourceTitle "CBM 149 Extra"]
[Source "ChessBase"]
[SourceDate "2012.08.24"]
[SourceVersion "1"]
[SourceVersionDate "2012.08.24"]
[SourceQuality "1"]

1. d4 Nf6 2. Nf3 g6 3. c4 Bg7 4. Nc3 0-0 5. e4 d6 6. h3 e5 7. d5 Na6 8. Bg5 Qe8 9. g4 Kh8 10. Nd2 Ng8 11. Be2 f6 12. Be3 Bh6 13. Bxh6 Nxh6 14. h4 Nf7 15. a3 c6 16. Qc2 Bd7 17. 0-0-0 Nc7 18. Rdg1 Qe7 19. Qd3 Rac8 20. Kb1 a6 21. g5 fxg5 22. hxg5 Rg8 23. Bg4 Bxg4 24. Rxg4 Nxg5 25. Qg3 Nf7 26. Rgh4 Rg7 27. Qh3 Re8 28. Rxh7+ Kg8 29. c5 dxc5 30. Rxg7+ Kxg7 31. Qh7+ Kf8 32. Qxg6 Qd6 33. Qf5 cxd5 34. exd5 Nxd5 35. Nce4 1-0

[Event "Kostroma Volga Cup op"]
[Site "Kostroma"]
[Date "2010.07.??"]
[Round "6"]
[White "Novikov, Stanislav"]
[Black "Samojlov, Anton"]
[Result "1-0"]
[WhiteElo "2558"]
[BlackElo "2319"]
[PlyCount "55"]
[EventDate "2010.07.??"]
[EventType "swiss"]
[EventRounds "9"]
[EventCountry "RUS"]
[SourceTitle "EXT 2011"]
[Source "ChessBase"]
[SourceDate "2010.11.26"]
[SourceVersion "1"]
[SourceVersionDate "2010.11.26"]
[SourceQuality "1"]

1. e4 c5 2. Nf3 e6 3. b3 a6 4. Bb2 d6 5. Nc3 Nf6 6. d4 cxd4 7. Nxd4 Be7 8. Bd3 Qc7 9. a3 Nbd7 10. Qe2 Nc5 11. 0-0-0 Nfd7 12. f4 Bf6 13. Bc4 Nb6 14. e5 dxe5 15. Ndb5 axb5 16. Nxb5 Qe7 17. Nd6+ Kf8 18. fxe5 Bg5+ 19. Kb1 Nxc4 20. Qxc4 b6 21. b4 Ba6 22. Qc3 Be2 23. Rde1 Bh5 24. bxc5 bxc5 25. h4 Bh6 26. Ref1 Kg8 27. Qc4 Qd7 28. g4 1-0

[Event "Kostroma Volga Cup op"]
[Site "Kostroma"]
[Date "2009.07.??"]
[Round "7"]
[White "Samojlov, Anton"]
[Black "Askarov, Marat"]
[Result "0-1"]
[WhiteElo "2298"]
[BlackElo "2495"]
[PlyCount "82"]
[EventDate "2009.07.03"]
[EventType "swiss"]
[EventRounds "9"]
[EventCountry "RUS"]
[SourceTitle "EXT 2021"]
[Source "ChessBase"]
[SourceDate "2020.10.23"]
[SourceVersion "1"]
[SourceVersionDate "2020.10.23"]
[SourceQuality "1"]

1. d4 d5 2. c4 c6 3. Nf3 Nf6 4. e3 g6 5. Nc3 Bg7 6. h3 0-0 7. Be2 a6 8. a4 c5 9. 0-0 cxd4 10. exd4 Nc6 11. Bg5 dxc4 12. Bxc4 Qb6 13. Qd2 Na5 14. Ba2 Nb3 15. Bxb3 Qxb3 16. Rfe1 Be6 17. Bh6 Rfe8 18. Bxg7 Kxg7 19. Ra3 Qb4 20. a5 Rad8 21. Ra4 Qd6 22. Ne5 Bb3 23. Ra3 Bd5 24. Nxd5 Qxd5 25. Rf3 Qb5 26. g4 Rf8 27. Kg2 Rd5 28. g5 Nd7 29. Qc3 Nxe5 30. Rxe5 e6 31. h4 Rfd8 32. h5 gxh5 33. Qe3 Rxe5 34. dxe5 Qc4 35. Rf4 Qc6+ 36. Re4 Kg8 37. b4 Rd1 38. Kh2 Qc1 39. Qxc1 Rxc1 40. Rd4 Rb1 41. Kg3 Kg7 0-1

[Event "SZFO-ch"]
[Site "St Petersburg"]
[Date "2009.03.26"]
[Round "6"]
[White "Samojlov, Anton"]
[Black "Evstratov, Oleg"]
[Result "1/2-1/2"]
[WhiteElo "2308"]
[BlackElo "2287"]
[PlyCount "68"]
[EventDate "2009.03.23"]
[EventType "swiss"]
[EventRounds "9"]
[EventCountry "RUS"]
[SourceTitle "EXT 2010"]
[Source "ChessBase"]
[SourceDate "2010.11.25"]
[SourceVersion "1"]
[SourceVersionDate "2010.11.25"]
[SourceQuality "1"]

1. e4 c5 2. Nf3 g6 3. d4 Bg7 4. d5 d6 5. Nc3 Nf6 6. Bc4 0-0 7. 0-0 Bg4 8. h3 Bxf3 9. Qxf3 Nbd7 10. Qd1 Nb6 11. Be2 e6 12. dxe6 fxe6 13. a4 d5 14. a5 d4 15. axb6 dxc3 16. Qxd8 Rfxd8 17. Rxa7 Nxe4 18. bxc3 Rxa7 19. bxa7 Ra8 20. Be3 Nxc3 21. Bc4 b6 22. Bxe6+ Kf8 23. f4 Bd4 24. Bxd4 Ne2+ 25. Kh2 Nxd4 26. f5 Rxa7 27. fxg6+ Kg7 28. Bd5 hxg6 29. Rb1 Rd7 30. Be4 b5 31. c3 Ne2 32. Rxb5 Nxc3 33. Rb7 Rxb7 34. Bxb7 Nb5 1/2-1/2

[Event "SZFO-ch"]
[Site "St Petersburg"]
[Date "2009.03.25"]
[Round "4"]
[White "Samojlov, Anton"]
[Black "Anjuhin, Alex"]
[Result "0-1"]
[WhiteElo "2308"]
[BlackElo "2334"]
[PlyCount "52"]
[EventDate "2009.03.23"]
[EventType "swiss"]
[EventRounds "9"]
[EventCountry "RUS"]
[SourceTitle "EXT 2010"]
[Source "ChessBase"]
[SourceDate "2010.11.25"]
[SourceVersion "1"]
[SourceVersionDate "2010.11.25"]
[SourceQuality "1"]

1. e4 c5 2. Nf3 d6 3. d4 cxd4 4. Nxd4 Nf6 5. Nc3 g6 6. Be3 Bg7 7. f3 0-0 8. Bc4 Nc6 9. Qd2 Nd7 10. 0-0-0 Nb6 11. Bb3 Ne5 12. Qe2 Bd7 13. Nd5 Nxd5 14. Bxd5 Qc7 15. h4 Rfc8 16. h5 Nc4 17. hxg6 Nxe3 18. gxh7+ Kh8 19. Qxe3 e5 20. c3 exd4 21. Rxd4 Be6 22. Qd2 Qe7 23. Bxe6 Qxe6 24. Rd5 Rc6 25. Kb1 Rac8 26. Rb5 b6 0-1

[Event "Krakow op-A 19th"]
[Site "Krakow"]
[Date "2008.12.29"]
[Round "3"]
[White "Slabek, Grzegorz"]
[Black "Samojlov, Anton"]
[Result "0-1"]
[WhiteElo "2192"]
[BlackElo "2331"]
[PlyCount "136"]
[EventDate "2008.12.26"]
[EventType "swiss"]
[EventRounds "9"]
[EventCountry "POL"]
[SourceTitle "CBM 128 Extra"]
[Source "ChessBase"]
[SourceDate "2009.03.05"]
[SourceVersion "2"]
[SourceVersionDate "2009.03.25"]
[SourceQuality "1"]

1. d4 Nf6 2. Nf3 e6 3. e3 b6 4. Be2 Bb7 5. 0-0 Be7 6. c4 0-0 7. Nc3 c5 8. b3 cxd4 9. Nxd4 a6 10. Bb2 d6 11. Bf3 Ra7 12. Bxb7 Rxb7 13. Qf3 Qc8 14. Rfd1 Rc7 15. Rac1 Nbd7 16. Ne4 Rd8 17. Nxf6+ Nxf6 18. g3 Nd7 19. Ne2 Qb8 20. Nf4 Nf6 21. h4 b5 22. cxb5 axb5 23. Rxc7 Qxc7 24. Rc1 Qa5 25. Qb7 Kf8 26. Rc7 Re8 27. Bc3 Qxa2 28. Bxf6 Qb1+ 29. Kg2 gxf6 30. Nh5 Qf5 31. Nf4 d5 32. Qxb5 Qe4+ 33. Kh2 Qe5 34. Rb7 Rd8 35. Ne2 Qf5 36. Kg1 Qb1+ 37. Kg2 Qe4+ 38. Kg1 e5 39. Rb8 Rxb8 40. Qxb8+ Kg7 41. Qb7 Bb4 42. Nd4 exd4 43. Qxb4 d3 44. Qd2 d4 45. b4 dxe3 46. fxe3 Qc4 47. Kf2 Qc2 48. Ke1 Qb1+ 49. Kf2 Qc2 50. Ke1 Qb3 51. Kf2 Qc4 52. Ke1 h5 53. Kf2 Kg6 54. Ke1 f5 55. Kf2 f6 56. Ke1 Qb3 57. Kf2 Qb1 58. e4 fxe4 59. Ke3 Kf5 60. Kd4 Qg1+ 61. Kd5 Qxg3 62. b5 Qf3 63. Kc4 Qe2 64. Qh6 d2+ 65. Kc5 d1Q 66. Qh7+ Kf4 67. Qh6+ Ke5 68. Kb6 Qd6+ 0-1

[Event "Krakow op-A 19th"]
[Site "Krakow"]
[Date "2008.12.27"]
[Round "1"]
[White "Musialkiewicz, Jan"]
[Black "Samojlov, Anton"]
[Result "1/2-1/2"]
[WhiteElo "2117"]
[BlackElo "2331"]
[PlyCount "108"]
[EventDate "2008.12.26"]
[EventType "swiss"]
[EventRounds "9"]
[EventCountry "POL"]
[SourceTitle "CBM 128 Extra"]
[Source "ChessBase"]
[SourceDate "2009.03.05"]
[SourceVersion "2"]
[SourceVersionDate "2009.03.25"]
[SourceQuality "1"]

1. e4 c5 2. Nf3 Nc6 3. d4 cxd4 4. Nxd4 Nf6 5. Nc3 e5 6. Ndb5 d6 7. Bg5 a6 8. Na3 b5 9. Nd5 Be7 10. Bxf6 Bxf6 11. c3 Bb7 12. Nc2 Nb8 13. Nce3 0-0 14. Nf5 Bc6 15. f3 g6 16. Nxf6+ Qxf6 17. Qxd6 Qxd6 18. Nxd6 Nd7 19. c4 b4 20. c5 Rad8 21. Rc1 Kg7 22. Nc4 f5 23. Na5 Rf6 24. exf5 e4 25. f4 e3 26. Rd1 Be4 27. Ke2 Bxf5 28. h3 Re8 29. g4 Be6 30. c6 Nc5 31. Rd4 Bxa2 32. Bg2 Ne6 33. Rd7+ Kg8 34. f5 Nf4+ 35. Kf3 g5 36. b3 Bxb3 37. Nxb3 Rxc6 38. Nd4 Rc3 39. Ne2 Rc2 40. f6 Kf8 41. Re1 Re6 42. Bf1 Rxf6 43. Kxe3 Re6+ 44. Kf3 b3 45. Rb1 Nxe2 46. Bxe2 Rexe2 47. Rxb3 Rf2+ 48. Kg3 Rg2+ 49. Kf3 Rcf2+ 50. Ke3 Rf7 51. Rxf7+ Kxf7 52. Rb7+ Kf6 53. Rxh7 Ra2 54. Kd4 Rd2+ 1/2-1/2

[Event "Pardubice Chladek&Tintera op-A 19th"]
[Site "Pardubice"]
[Date "2008.07.23"]
[Round "6"]
[White "Samojlov, Anton"]
[Black "Jorczik, Julian Marcel"]
[Result "1-0"]
[WhiteElo "2258"]
[BlackElo "2359"]
[PlyCount "111"]
[EventDate "2008.07.18"]
[EventType "swiss"]
[EventRounds "9"]
[EventCountry "CZE"]
[SourceTitle "CBM 125 Extra"]
[Source "ChessBase"]
[SourceDate "2008.09.01"]
[SourceVersion "1"]
[SourceVersionDate "2008.09.01"]
[SourceQuality "1"]

1. d4 Nf6 2. c4 g6 3. Nc3 Bg7 4. e4 d6 5. f3 0-0 6. Bg5 a6 7. Qd2 Nbd7 8. Nh3 c5 9. d5 Qa5 10. Nf2 Rb8 11. a4 Qb4 12. Ra3 Ne5 13. Qc2 e6 14. Bd2 Qb6 15. Be2 exd5 16. exd5 Bf5 17. Qc1 h5 18. 0-0 Rfe8 19. g3 Re7 20. Kg2 Rbe8 21. h3 Ned7 22. a5 Qd8 23. g4 hxg4 24. hxg4 Bxg4 25. fxg4 Rxe2 26. Nxe2 Rxe2 27. Bg5 Ne5 28. Qf4 Nxd5 29. cxd5 f6 30. Bh6 g5 31. Qf5 Bxh6 32. Rh3 Qf8 33. Qe6+ Kg7 34. Rfh1 Ng6 35. Qxe2 Nf4+ 36. Kf3 Nxe2 37. Kxe2 Qe8+ 38. Kf1 Qb5+ 39. Kg1 Qxb2 40. Rxh6 Qc1+ 41. Kg2 Qd2 42. Rh7+ Kg8 43. Rh8+ Kg7 44. R8h7+ Kg8 45. Rd1 Qxa5 46. Rxb7 Qa2 47. Rd7 c4 48. Rxd6 c3 49. Rc6 c2 50. Rd3 Qa4 51. Rc8+ Kf7 52. d6 Qd7 53. Rxc2 Qb7+ 54. Kh3 Qb1 55. d7 Qf1+ 56. Kh2 1-0

[Event "Kostroma Volga Cup op"]
[Site "Kostroma"]
[Date "2008.07.??"]
[Round "1"]
[White "Samojlov, Anton"]
[Black "Tarasov, Valery"]
[Result "1-0"]
[WhiteElo "2258"]
[BlackElo "1963"]
[PlyCount "81"]
[EventDate "2008.07.??"]
[EventType "swiss"]
[EventRounds "9"]
[EventCountry "RUS"]
[SourceTitle "EXT 2009"]
[Source "ChessBase"]
[SourceDate "2008.11.26"]
[SourceVersion "1"]
[SourceVersionDate "2008.11.26"]
[SourceQuality "1"]

1. e4 d5 2. exd5 Nf6 3. Bb5+ Bd7 4. Be2 Bf5 5. Nf3 Nxd5 6. d4 e6 7. 0-0 Be7 8. a3 0-0 9. c4 Nf6 10. Nc3 Bg4 11. Be3 Qc8 12. b4 Rd8 13. Qb3 Nbd7 14. Rfd1 Nf8 15. Rac1 c6 16. h3 Bh5 17. g4 Bg6 18. Ne5 N6d7 19. f4 Nxe5 20. fxe5 Qc7 21. Bf4 Bh4 22. Bf3 Qe7 23. Ne2 Bg5 24. Qe3 Bxf4 25. Nxf4 a5 26. b5 cxb5 27. cxb5 Rac8 28. Rxc8 Rxc8 29. Rc1 Rd8 30. b6 h6 31. Rc7 Rd7 32. Qc3 Qh4 33. Kg2 Qd8 34. Qc5 Bb1 35. Rc8 Qe7 36. Qxe7 Rxe7 37. Kf2 Rd7 38. Ke3 Ba2 39. Ra8 Bc4 40. Rxa5 g5 41. Nh5 1-0

[Event "Kostroma Volga Cup op"]
[Site "Kostroma"]
[Date "2008.07.??"]
[Round "5"]
[White "Samojlov, Anton"]
[Black "Trofimov, Vladimir"]
[Result "1/2-1/2"]
[WhiteElo "2258"]
[BlackElo "2141"]
[PlyCount "80"]
[EventDate "2008.07.??"]
[EventType "swiss"]
[EventRounds "9"]
[EventCountry "RUS"]
[SourceTitle "EXT 2009"]
[Source "ChessBase"]
[SourceDate "2008.11.26"]
[SourceVersion "1"]
[SourceVersionDate "2008.11.26"]
[SourceQuality "1"]

1. d4 Nf6 2. c4 g6 3. Nc3 Bg7 4. e4 d6 5. f3 0-0 6. Bg5 Nc6 7. Qd2 e5 8. dxe5 Nxe5 9. Rd1 h6 10. Be3 Be6 11. b3 Re8 12. Nge2 Qe7 13. Nd4 Bd7 14. Be2 Kh7 15. 0-0 a6 16. Kh1 Rad8 17. Bf2 c5 18. Nc2 Bc6 19. Ne3 h5 20. Bh4 Nxe4 21. Qe1 Bf6 22. Bxf6 Nxf6 23. Qd2 Kg7 24. Rfe1 Qc7 25. f4 Neg4 26. Bxg4 hxg4 27. Qb2 Kg8 28. f5 Re5 29. Ncd5 Bxd5 30. Nxd5 Nxd5 31. Rxe5 dxe5 32. cxd5 gxf5 33. Qf2 Qd7 34. Qh4 e4 35. Qg5+ Kf8 36. d6 Re8 37. Qf6 Kg8 38. Qg5+ Kf8 39. Qf6 Kg8 40. Qg5+ Kf8 1/2-1/2

[Event "Krakow op 18th"]
[Site "Krakow"]
[Date "2007.12.29"]
[Round "4"]
[White "Bulski, Krzysztof"]
[Black "Samojlov, Anton"]
[Result "0-1"]
[WhiteElo "2421"]
[BlackElo "2270"]
[PlyCount "74"]
[EventDate "2007.12.27"]
[EventType "swiss"]
[EventRounds "9"]
[EventCountry "POL"]
[SourceTitle "CBM 122 Extra"]
[Source "ChessBase"]
[SourceDate "2008.03.04"]
[SourceVersion "1"]
[SourceVersionDate "2008.03.04"]
[SourceQuality "1"]

1. e4 c5 2. Nf3 Nc6 3. d4 cxd4 4. Nxd4 Nf6 5. Nc3 e5 6. Ndb5 d6 7. Bg5 a6 8. Na3 b5 9. Nd5 Be7 10. Bxf6 Bxf6 11. c3 Bb7 12. Nc2 Nb8 13. a4 bxa4 14. Nce3 0-0 15. Rxa4 Nd7 16. b4 a5 17. Be2 Bg5 18. 0-0 Bxe3 19. Nxe3 Nf6 20. Bf3 Bxe4 21. Bxe4 Nxe4 22. Qd3 axb4 23. Rxb4 Nc5 24. Qd5 Ra3 25. Rc1 Ne6 26. g3 Ra5 27. Qd2 d5 28. Rd1 d4 29. Nc2 Ng5 30. Qd3 Qa8 31. h4 e4 32. Qc4 Nf3+ 33. Kf1 d3 34. Ne3 Ra1 35. Qb5 Qc8 36. Kg2 Rxd1 37. Nxd1 Nxh4+ 0-1